| 000 | 00991 a2200193 4500 | ||
|---|---|---|---|
| 020 | _a0415344980 | ||
| 040 |
_aDLC _bDLC |
||
| 082 | 0 | 0 | _a378.24 |
| 100 | 1 | _aFinn, John A., | |
| 245 | 1 | 0 |
_aGetting a PhD: an action plan to help manage your research, your supervisor and your project _ban action plan to help manage your research, your supervisor and your project _cJohn A. Finn. |
| 260 |
_aLondon ; _aNew York : _bRoutledge, _c2005. |
||
| 300 |
_axii, 191 p. : _bill. ; _c22 cm. |
||
| 440 | 0 | _aRoutledge study guides | |
| 505 | 0 | _aIntroduction -- The PhD research degree -- You and your supervisor -- Project management -- The literature review -- Writing the thesis -- Publishing your research -- The PhD examination process. | |
| 650 | 0 | _aDoctor of philosophy degree. | |
| 856 | 4 | 1 |
_3Table of contents _uhttp://www.loc.gov/catdir/toc/ecip0421/2004018545.html |
| 856 | 4 | 1 |
_3Publisher description _uhttp://www.loc.gov/catdir/enhancements/fy0651/2004018545-d.html |
| 942 |
_cBK _k378.24 FIN _2ddc |
||
| 999 |
_c7459 _d7459 |
||